| 000 | 00870nas a2200289 4500 | ||
|---|---|---|---|
| 001 | BR0905640 | ||
| 003 | BR-BrBNA | ||
| 005 | 20231205113724.0 | ||
| 007 | ta | ||
| 008 | 230509b bl.|||p| |||| 00| 00por d | ||
| 040 |
_aBR-BrBNA _bpor _cBiblioteca Nacional de Agricultura |
||
| 041 | _a(Pt) | ||
| 072 | _aL02 | ||
| 100 | 1 | _aSantos, G.R. de A. | |
| 100 | 1 | _aBatista, A.M.V. | |
| 100 | 1 | _aGuim, A. | |
| 100 | 1 | _aSantos, M.V.F. dos | |
| 100 | 1 | _aSilva, M.J. de A. | |
| 100 | 1 | _aPereira, V.L.A. | |
| 245 | 1 | _aDeterminação da composição botânica da dieta de ovinos em pastejo na caatinga | |
| 650 | _aOVINO | ||
| 650 | _aFÍSTULA ESOFÁGICA | ||
| 650 | _aDIETA | ||
| 773 | 0 |
_tRevista Brasileira de Zootecnia (Brazil) _xISSN 1516-3598 _g(Oct 2008), v. 37(10) p. 1876-1883 _wBR0905640 |
|
| 909 |
_a202311 _bLúcia _c55 _dLúcia Elande |
||
| 942 |
_2AGRIS _n0 _cANA |
||
| 999 |
_c205238 _d205238 |
||